| 000 | 00344nam a2200145Ia 4500 | ||
|---|---|---|---|
| 008 | 150301s2007 xx 000 0 und d | ||
| 082 |
_a616.0757 _bI07L |
||
| 100 | _aLISLA, DAVID A. | ||
| 245 | _aIMAGING FOR STUDENTS | ||
| 250 | _a3RD | ||
| 260 |
_bHODDER ARNOLD _aLONDON _c2007 |
||
| 300 | _a283 | ||
| 650 | _aRADIOLOGY | ||
| 942 |
_2ddc _cBK _017 |
||
| 999 |
_c6667 _d6667 |
||